000 01515cam a2200373 a 4500
001 14452482
005 20170105102938.0
008 060714s2007 enk b 001 0 eng
010 _a 2006023286
015 _aGBA671695
_2bnb
016 7 _a013536602
_2Uk
020 _a0199285438
020 _a9780199285433
035 _a(OCoLC)ocm70483507
035 _a(OCoLC)70483507
040 _aDLC
_cDLC
_dYDXCP
_dBAKER
_dBWKUK
_dUKM
_dYDX
_dBTCTA
_dDLC
050 0 0 _aJZ1242
_b.J33 2007
082 0 0 _a327.1
_222
_bJAC 2007
100 1 _aJackson, Robert H.
245 1 0 _aIntroduction to international relations :
_btheories and approaches /
_cRobert Jackson, Georg Sørensen.
250 _a3rd ed.
260 _aOxford ;
_aNew York :
_bOxford University Press,
_c2007.
300 _axxvi, 342 p. ;
_c25 cm.
504 _aIncludes bibliographical references (p. [315]-330) and index.
650 0 _aInternational relations.
650 0 _aInternational relations
_xPhilosophy.
700 1 _aSørensen, Georg,
_d1948-
856 4 1 _3Table of contents only
_uhttp://www.loc.gov/catdir/toc/ecip0617/2006023286.html
856 4 2 _3Contributor biographical information
_uhttp://www.loc.gov/catdir/enhancements/fy0723/2006023286-b.html
856 4 2 _3Publisher description
_uhttp://www.loc.gov/catdir/enhancements/fy0907/2006023286-d.html
906 _a7
_bcbc
_corignew
_d1
_eecip
_f20
_gy-gencatlg
942 _2ddc
_cBK
999 _c16353
_d16353